<?xml version="1.0" encoding="UTF-8"?>
<record
    xmlns:xsi="http://www.w3.org/2001/XMLSchema-instance"
    xsi:schemaLocation="http://www.loc.gov/MARC21/slim http://www.loc.gov/standards/marcxml/schema/MARC21slim.xsd"
    xmlns="http://www.loc.gov/MARC21/slim">

  <leader>01662nam a22003857a 4500</leader>
  <datafield tag="999" ind1=" " ind2=" ">
    <subfield code="c">23495</subfield>
    <subfield code="d">23495</subfield>
  </datafield>
  <controlfield tag="003">AR-CdUCM</controlfield>
  <controlfield tag="008">260126b2024    pe ||||| |||| 00| 0 spa d</controlfield>
  <datafield tag="020" ind1=" " ind2=" ">
    <subfield code="a">978-612-03-0440-2</subfield>
  </datafield>
  <datafield tag="040" ind1=" " ind2=" ">
    <subfield code="a">MUNICIPALIDAD PROVINCIAL DEL CUSCO</subfield>
    <subfield code="c">BIBLIOTECA MUNICIPAL DEL CUSCO</subfield>
  </datafield>
  <datafield tag="082" ind1=" " ind2=" ">
    <subfield code="a">333.72 /</subfield>
    <subfield code="b">M25</subfield>
  </datafield>
  <datafield tag="100" ind1=" " ind2=" ">
    <subfield code="a">Maquera Hilario, Isidro</subfield>
  </datafield>
  <datafield tag="245" ind1=" " ind2=" ">
    <subfield code="a">Cosmovisi&#xF3;n Andina :</subfield>
    <subfield code="b">Recuperando la Reciprocidad Andina en el Proceso de Aprendizaje /</subfield>
  </datafield>
  <datafield tag="260" ind1=" " ind2=" ">
    <subfield code="a">Cusco :</subfield>
    <subfield code="b">Isidro Maquera Hilario,</subfield>
    <subfield code="c">2024.</subfield>
  </datafield>
  <datafield tag="300" ind1=" " ind2=" ">
    <subfield code="a">154 p&#xE1;ginas. :</subfield>
    <subfield code="b">ilustraciones ;</subfield>
    <subfield code="c">15 x 20 cm.</subfield>
  </datafield>
  <datafield tag="500" ind1=" " ind2=" ">
    <subfield code="z">p&#xE1;ginas 149 - 153</subfield>
  </datafield>
  <datafield tag="505" ind1=" " ind2=" ">
    <subfield code="a">contenido: Rese&#xF1;a hist&#xF3;rica cultural del centro poblado Umuto -- Marco hist&#xF3;rico de la instituci&#xF3;n educativa -- La Cosmovisi&#xF3;n Andina -- El Allin Kawsay o el Buen Vivir -- Principios -- La Pachamama -- La ceremonia de ofrenda -- Se&#xF1;as y se&#xF1;aleros naturales -- Tipos -- La iconograf&#xED;a en el arte textil -- La expresi&#xF3;n art&#xED;stica del centro poblado....</subfield>
  </datafield>
  <datafield tag="650" ind1=" " ind2=" ">
    <subfield code="a">Problematizaci&#xF3;n</subfield>
    <subfield code="9">52197</subfield>
  </datafield>
  <datafield tag="650" ind1=" " ind2=" ">
    <subfield code="a">Aprendizajes</subfield>
    <subfield code="9">50961</subfield>
  </datafield>
  <datafield tag="650" ind1=" " ind2=" ">
    <subfield code="a">Estrategias</subfield>
    <subfield code="9">13946</subfield>
  </datafield>
  <datafield tag="650" ind1=" " ind2=" ">
    <subfield code="a">Protecci&#xF3;n de la tierra</subfield>
    <subfield code="9">52198</subfield>
  </datafield>
  <datafield tag="650" ind1=" " ind2=" ">
    <subfield code="a">El Ayllu</subfield>
    <subfield code="9">49800</subfield>
  </datafield>
  <datafield tag="650" ind1=" " ind2=" ">
    <subfield code="a">Definici&#xF3;n</subfield>
    <subfield code="9">41732</subfield>
  </datafield>
  <datafield tag="650" ind1=" " ind2=" ">
    <subfield code="a">Altomisayoq</subfield>
    <subfield code="9">52199</subfield>
  </datafield>
  <datafield tag="650" ind1=" " ind2=" ">
    <subfield code="a">El Pante&#xED;smo</subfield>
    <subfield code="9">52200</subfield>
  </datafield>
  <datafield tag="650" ind1=" " ind2=" ">
    <subfield code="a">Paqarinas</subfield>
    <subfield code="9">52201</subfield>
  </datafield>
  <datafield tag="700" ind1=" " ind2=" ">
    <subfield code="a">Contreras Anaya, Wilberth</subfield>
    <subfield code="9">52202</subfield>
  </datafield>
  <datafield tag="700" ind1=" " ind2=" ">
    <subfield code="a">Huam&#xE1;n Huam&#xE1;n, Yeni</subfield>
    <subfield code="9">52203</subfield>
  </datafield>
  <datafield tag="700" ind1=" " ind2=" ">
    <subfield code="a">Loaiza Huillcahuaman, Rolando</subfield>
    <subfield code="9">52204</subfield>
  </datafield>
  <datafield tag="700" ind1=" " ind2=" ">
    <subfield code="a">Vargas Gallegos, Reynaldo</subfield>
    <subfield code="9">52205</subfield>
  </datafield>
  <datafield tag="700" ind1=" " ind2=" ">
    <subfield code="a">Yunguri Z&#xE1;rate, Martina</subfield>
    <subfield code="9">52206</subfield>
  </datafield>
  <datafield tag="700" ind1=" " ind2=" ">
    <subfield code="a">Wendy Gongora, Aranibar</subfield>
    <subfield code="9">52207</subfield>
  </datafield>
  <datafield tag="942" ind1=" " ind2=" ">
    <subfield code="2">ddc</subfield>
    <subfield code="c">LIBROS</subfield>
  </datafield>
  <datafield tag="945" ind1=" " ind2=" ">
    <subfield code="a">jmcs</subfield>
    <subfield code="d">26/01/2026</subfield>
  </datafield>
  <datafield tag="952" ind1=" " ind2=" ">
    <subfield code="0">0</subfield>
    <subfield code="2">ddc</subfield>
    <subfield code="4">0</subfield>
    <subfield code="7">0</subfield>
    <subfield code="a">SH</subfield>
    <subfield code="b">SH</subfield>
    <subfield code="c">CART</subfield>
    <subfield code="d">2026-01-26</subfield>
    <subfield code="e">Donaci&#xF3;n</subfield>
    <subfield code="g">15.00</subfield>
    <subfield code="o">333.72 / M25</subfield>
    <subfield code="p">SH0000017051</subfield>
    <subfield code="r">2026-01-26</subfield>
    <subfield code="y">LIBROS</subfield>
  </datafield>
</record>
